000 00627nam a2200217 a 4500
001 72893
003 BD-RjUL
005 20211209082324.0
008 170524s1966 us a|||| |||| 001 0 eng d
035 _a(BD-RjUL)73111
040 _aBD-RjUL
_beng
_cBD-RjUL
041 _aeng
082 _223
_a584.9
_bMUM 1966
100 _aMunro, William
_9215605
245 1 0 _aA monograph of the Bambusaceae :
_b including descriptions of all the species /
_cby William Munro
260 _aLondon:
_bS.R. Publishers,
_c1966
300 _a157 p. :
_bill. ;
_c32 cm
500 _aIncludes index
650 _aBamboo.
_9147571
942 _2ddc
_cBK
999 _c72893
_d72893